Kariera Neymara - Statystyki

Ogólne statystyki
  • Ten quiz został rozwiązany 252 razy
  • Średni wynik to 9 z 14
Statystyki odpowiedzi
Pytanie Odpowiedź % Poprawnych
Czy Neymar zdobył Złotą Piłkę ? Nie
97%
Jaki numer na koszulce ma Neymar ? 10
91%
Skąd pochodzi Neymar ? ( kraj ) Brazylia
90%
Czy Neymar ma dzieci ? Tak
86%
Jakie jest pełne imię Neymara ? Neymar da Silva Santos Junior
83%
Ile Neymar ma lat ? 28
80%
W którym roku zdobył Ligę Mistrzów z FC Barceloną ? 2015
74%
Z jakim klubem zdobył najwięcej tytułów ? FC Barcelona
73%
Jak nazywało się trio w którym Neymar miał swój udział ? MSN
67%
Na czym streamował/streamuje Neymar ? Twitch
51%
Na jakiej pozycji gra Neymar ? Lewy skrzydłowy
47%
W jakim klubie zaczął swoją karierę seniorską ? Santos FC
45%
Za jaką kwotę przeszedł do PSG ? 222 miliony
41%
Kiedy urodził się Neymar ? 5 luty 1992
27%
Nie znaleziono quizów pasujących do podanych kryteriów
Rozkład punktacji
Procent ludzi z każdym wynikiem
Percentyl według liczby udzielonych odpowiedzi
Twoja historia wyników
Nie rozwiązałeś tego quizu